Thomas Mann - Romane und Erzählungen - Statistiken

Allgemein
  • Dieses Quiz wurde 57 mal gespielt
  • Das Durchschnittsergebnis liegt bei 11 aus 44
Antwortstatistiken
Genre Jahr Antwort % Korrekt
Roman 1901 Buddenbrooks
93%
Roman 1924 Der Zauberberg
91%
Erzählung 1897 Der Tod
70%
Erzählung 1912 Der Tod in Venedig
70%
Novelle 1903 Tonio Kröger
64%
Roman 1954 Bekenntnisse des Hochstablers Felix Krull
57%
Roman 1947 Doktor Faustus
52%
Roman 1939 Lotte in Weimar
50%
Erzählung 1930 Mario und der Zauberer
48%
Roman 1933 Die Geschichten Jaakobs
45%
Roman 1943 Joseph der Ernährer
36%
Roman 1909 Königliche Hoheit
32%
Roman 1936 Joseph in Ägypten
27%
Erzählung 1921 Wälsungenblut
27%
Erzählung 1899 Der Kleiderschrank
25%
Idyll 1918 Herr und Hund
25%
Novelle 1903 Tristan
25%
Erzählung 1926 Unordnung und frühes Leid
23%
Erzählung 1953 Die Betrogene
18%
Erzählung 1897 Der kleine Herr Friedemann
16%
Novelle 1902 Gladius Dei
16%
Erzählung 1944 Das Gesetz
14%
Roman 1951 Der Erwählte
14%
Roman 1934 Der junge Joseph
14%
Erzählung 1897 Der Bajazzo
11%
Erzählung 1940 Die vertauschten Köpfe
11%
Idyll 1919 Gesang vom Kindchen
11%
Erzählung 1898 Tobias Mindernickel
11%
Erzählung 1909 Das Eisenbahnunglück
9%
Erzählung 1894 Gefallen
7%
Erzählung 1900 Luischen
7%
Erzählung 1905 Schwere Stunde
7%
Prosa-Skizze 1893 Vision
7%
Erzählung 1903 Das Wunderkind
5%
Erzählung 1900 Der Weg zum Friedhof
5%
Erzählung 1896 Der Wille zum Glück
5%
Erzählung 1923 Tristan und Isolde
5%
Erzählung 1911 Wie Jappe und Do Escobar sich prügelten
5%
Erzählung 1908 Anekdote
2%
Erzählung 1904 Beim Propheten
2%
Erzählung 1903 Die Hungernden
2%
Erzählung 1904 Ein Glück
2%
Erzählung 1896 Enttäuschung
2%
Novellistische Studie 1899 Gerächt
2%
Keine übereinstimmenden Quizze gefunden
Verteilung der Resultate
Anzahl Personen mit jedem Resultat
Perzentil nach korrekt beantworteten Fragen
Ihre Resultats-Entwicklung
Sie haben dieses Quiz noch nicht gespielt